| Tag |
First Indicator |
Second Indicator |
Subfields |
| LEADER |
00000cam a2200000 a 4500 |
| 001 |
in00001406797 |
| 005 |
20151020072933.0 |
| 008 |
930324s1994 mnua j 001 0 eng |
| 010 |
|
|
|a 93007841
|
| 020 |
|
|
|a 0876147813 :
|c $19.95
|
| 035 |
|
|
|a (OCoLC)27977057
|
| 035 |
|
|
|9 AHQ3753AM
|
| 040 |
|
|
|a DLC
|c DLC
|d UtOrBLW
|
| 043 |
|
|
|a n------
|
| 049 |
|
|
|a TXAG
|
| 050 |
0 |
0 |
|a QH102
|b .S73 1994
|
| 082 |
0 |
0 |
|a 574.5/2643/097
|2 20
|
| 100 |
1 |
|
|a Staub, Frank J.
|
| 245 |
1 |
0 |
|a America's prairies /
|c written and photographed by Frank Staub.
|
| 264 |
|
1 |
|a Minneapolis :
|b Carolrhoda Books,
|c [1994]
|
| 264 |
|
4 |
|c ©1994
|
| 300 |
|
|
|a 47 pages :
|b color illustrations ;
|c 24 cm.
|
| 336 |
|
|
|a text
|b txt
|2 rdacontent
|
| 337 |
|
|
|a unmediated
|b n
|2 rdamedia
|
| 338 |
|
|
|a volume
|b nc
|2 rdacarrier
|
| 500 |
|
|
|a "A Carolrhoda earth watch book."
|
| 500 |
|
|
|a Includes index.
|
| 520 |
|
|
|a Describes the ecology and biology of the three different types of North American prairie--tallgrass, mixed-grass, and shortgrass.
|
| 650 |
|
0 |
|a Prairies
|z North America
|x Juvenile literature.
|
| 650 |
|
0 |
|a Prairie ecology
|z North America
|x Juvenile literature.
|
| 650 |
|
1 |
|a Prairies.
|
| 650 |
|
1 |
|a Prairie ecology.
|
| 650 |
|
1 |
|a Ecology.
|
| 999 |
|
|
|a MARS
|
| 999 |
f |
f |
|s 2c8a52e8-8bdb-39ba-834d-a63acdde3c98
|i b863aedc-edb1-3115-b75a-fac312819e58
|t 0
|
| 952 |
f |
f |
|p ric
|a Texas A&M University
|b Rellis Campus
|c Joint Library Facility
|d Remote Storage
|t 0
|e QH102 .S73 1994
|h Library of Congress classification
|i unmediated -- volume
|m A14822239517
|
| 998 |
f |
f |
|a QH102 .S73 1994
|t 0
|l Remote Storage
|